000 00369nam a22001457a 4500
003 MACL
005 20170613124906.0
008 170613b xxu||||| |||| 00| 0 eng d
040 _cMACL
100 _aGupta Dr. Kaushal
_967440
245 _aPerspectives Women
260 _aDelhi
_bShree kala Prakashan
_c2012
650 _aPolitical Science
_967441
942 _2ddc
_cBK
999 _c56519
_d56519